Peniaze z Phare do regiónov

Nový fond štartovacieho kapitálu pre malých a stredných podnikateľov. Stručná informácia o spoločnosti Speed capital company, s.r.o. Podrobnejšie informácie na www.seedcapital.sk.

Gespeichert in:
Bibliographische Detailangaben
1. Verfasser: Lipianska, Ľudmila
Format: Buchkapitel
Sprache:Slowakisch
Schlagworte:
Tags: Tag hinzufügen
Keine Tags, Fügen Sie das erste Tag hinzu!

MARC

LEADER 00000naa a2200000 4500
001 r049065
005 20230920090641.5
041 0 |a slo 
044 |a SK 
245 1 0 |a Peniaze z Phare do regiónov  |c Ľudmila Lipianska 
520 |a Nový fond štartovacieho kapitálu pre malých a stredných podnikateľov. Stručná informácia o spoločnosti Speed capital company, s.r.o. Podrobnejšie informácie na www.seedcapital.sk. 
610 2 0 |a podpora podnikania 
610 2 0 |a Slovensko 
610 2 0 |a fond úverový 
610 2 0 |a úverovanie 
610 2 0 |a kapitál 
610 2 0 |a rozvoj regionálny 
610 2 0 |a spolupráca hospodárska medzinárodná 
610 2 0 |a Európska únia 
100 1 |a Lipianska, Ľudmila